=LDR 00000nam 2200000 4500 =001 INLIS000000000045088 =005 20141215093946.0 =006 =007 =008 =020 ##$$a 978-979-728-798-6 =035 ##$$0010-121400000000238 =040 ##$$a NBPDMAT =082 ##$$a 372.35 =090 ##$$a 372.35 $b Asr a =100 ##$$a Asri Mulyani =245 ##$$a Aktivitas utama Ilmu Pengetahuan Alam ( IPA ) 3 semester1 SD & MI kelas 3 / $c Asri Mulyani ; Penyunting, Novita Handariati =260 ##$$a Jakarta : $b Widya Utama, ( s.a ) =300 ##$$a 88 hlm. : $b ilus. ; $c 27 cm. =650 ##$$a Sains SD - Soal, dsb. =700 ##$$a Novita Handariati =850 ##$$a NBPDMAT =990 ##$$a 0001/BPAP-NTB/20142014 =990 ##$$a 0001/BPAP-NTB/20142014